| 000 | 00700nam a2200217 a 4500 | ||
|---|---|---|---|
| 005 | 20240213063852.0 | ||
| 008 | 040303s1997 mx r 000 0 spa d | ||
| 020 | _a9507246339 | ||
| 035 | _aUPN01000132391 | ||
| 049 | _aCG | ||
| 050 | 4 |
_aHV697 _bQ8.7 |
|
| 100 | 1 |
_aQuintero Velásquez, Angela María _929890 |
|
| 245 | 1 | 0 |
_aTrabajo social y procesos familiares / _cAngela María Quintero Velásquez. |
| 260 |
_aBuenos Aires : _bLumen-Hvmanitas, _cc1997. |
||
| 300 |
_a187 p. : _bgráfs. |
||
| 440 | 0 | _aPolítica, servicios y trabajo social | |
| 650 | 4 |
_aSERVICIO SOCIAL - _xCASOS _96475 |
|
| 650 | 4 |
_aPsicoterapia familiar _944 |
|
| 650 | 4 |
_aFamilias _xAspectos sociales _912049 |
|
| 905 | _aLibro | ||
| 999 |
_c104546 _d104546 |
||